Statistics for NFL battlefields

Click here to take the quiz!

General Stats

  • This quiz has been taken 18 times
  • The average score is 11 of 15

Answer Stats

BattleNFL team% Correct
Wisconsin HeightsGreen Bay Packers
93%
The AlamoHouston Texans
87%
Bayou BourbeuxNew Orleans Saints
87%
Fort SumterCarolina Panthers
80%
Pearl HarborSan Francisco 49ers
73%
Iwo JimaSeattle Seahawks
73%
El BrazitoArizona Cardinals
67%
GettysburgBaltimore Ravens
67%
Little BighornDenver Broncos
67%
SavannahJacksonville Jaguars
67%
StalingradNew England Patriots
67%
GermantownPhiladelphia Eagles
67%
YorktownWashington Commanders
67%
Kolb's FarmAtlanta Falcons
60%
River PlateMiami Dolphins
47%

Score Distribution

Percentile by Number Answered

Percent of People with Each Score

Your Score History

You have not taken this quiz